000 00356nam a22001457a 4500
008 251118b |||||||| |||| 00| 0 eng d
020 _a9788189401245
050 _aTA545
_b.A76
100 _aARORA,K.R.
245 _aSurveying
250 _a13th ed.vol.II
260 _aDelhi
_bRajson Publication Private Limited
_c2015
300 _axiii,665
942 _cBK
999 _c4505
_d4505